00706nam a22001817a 4500003000900000008004100009040007100050082001800121100002000139245005500159260004600214300002800260440003200288505014700320650001900467650002500486650001300511AR-CdUCM190327b ||||| |||| 00| 0 spa d aMUNICIPALIDAD PROVINCIAL DEL CUSCOcBIBLIOTECA MUNICIPAL DEL CUSCO a914..7 /bB37 aBemol, Mauricio aOrientaciones actuales de la literatura francesa / aBuenos Aires :bEditorial Troquel,c1960. a266 páginas ;c20 cm. aColección el mundo de hoy aContenido: Antes de la primera guerra mundial -- Desde la primera guerra mundial hasta la segunda -- Después de la segunda guerra mundial... aGuerra mundial aLiteratura universal aSiglo XX